Кинетика образования новой фазы: пер. с нем.

Бібліографічні деталі
Автор: Фольмер М. Макс
Резюме:Посвящена теоретическому анализу процессов возникновения и роста новой фазы в парообразных, жидких и твердых системах. В основу рассмотрения заложена — впервые выдвинутая автором — идея о том, что возникновение зародыша новой фазы непосредственно связано с флуктуанионными явлениями. Явления формирования новой фазы описываются с применением введеппых Гиббсом термодинамических потенциалов. Впервые на этой основе автором было дано исчерпывающее освещение проблемы "пересыщения" системы при спонтанном зародышеобразовании и вскрыта природа "метастабильности". На базе работ Р. Каишева и Н. Странского рассмотрен вопрос о равновесных формах и формах роста кристаллов. Новаторская для своего времени монография М. Фольмера сохранила и на сегодняшний день свое значение в качестве классического труда, являющегося необходимой основой для понимания и управления любыми процессами связанными с фазовыми превращениями.
Мова:Російська
Опубліковано: Москва, Наука, 1986
Предмети:
Формат: MixedMaterials Книга
KOHA link:https://koha.lib.tpu.ru/cgi-bin/koha/opac-detail.pl?biblionumber=82860

MARC

LEADER 00000nam0a2200000 4500
001 82860
005 20231101213246.0
035 |a (RuTPU)RU\TPU\book\89053 
090 |a 82860 
100 |a 20051007d1986 km y0rusy50 ca 
101 1 |a rus  |c ger 
102 |a RU 
105 |a a z 001zy 
200 1 |a Кинетика образования новой фазы  |e пер. с нем.  |f М. Фольмер 
210 |a Москва  |c Наука  |d 1986 
215 |a 208 с.  |c ил. 
320 |a Библиогр.: с. 198-201 
320 |a Предметный указатель: с. 202-205 
330 |a Посвящена теоретическому анализу процессов возникновения и роста новой фазы в парообразных, жидких и твердых системах. В основу рассмотрения заложена — впервые выдвинутая автором — идея о том, что возникновение зародыша новой фазы непосредственно связано с флуктуанионными явлениями. Явления формирования новой фазы описываются с применением введеппых Гиббсом термодинамических потенциалов. Впервые на этой основе автором было дано исчерпывающее освещение проблемы "пересыщения" системы при спонтанном зародышеобразовании и вскрыта природа "метастабильности". На базе работ Р. Каишева и Н. Странского рассмотрен вопрос о равновесных формах и формах роста кристаллов. Новаторская для своего времени монография М. Фольмера сохранила и на сегодняшний день свое значение в качестве классического труда, являющегося необходимой основой для понимания и управления любыми процессами связанными с фазовыми превращениями. 
606 1 |a Фазовые переходы  |2 stltpush  |3 (RuTPU)RU\TPU\subj\60501  |9 77783 
610 1 |a физика 
610 1 |a кинетика 
610 1 |a теория отклонения 
610 1 |a кинетический анализ 
610 1 |a библиотека А. Г. Стромберга 
675 |a 536.42  |v 4 
700 1 |a Фольмер  |b М.  |g Макс 
801 1 |a RU  |b 63413507  |c 20051007  |g PSBO 
801 2 |a RU  |b 63413507  |c 20180423  |g PSBO 
942 |c BK